| 000 | 00885cam a2200229 4500 | ||
|---|---|---|---|
| 001 | E133138 | ||
| 008 | 020304n2006 000 0 eng u | ||
| 020 | _a1857830016 | ||
| 035 | _a(Sirsi) u133138 | ||
| 041 | _aeng | ||
| 050 |
_a333.33025 _c18 |
||
| 110 |
_aRoyal Institution of Chartered Surveyors _94900 |
||
| 245 | _aRICS directory 2006 | ||
| 260 |
_aLondon _bWaterlow Professional Publishing Ltd _c2006 |
||
| 300 |
_a2v. [927; 1292p.] _c26cm. |
||
| 505 | _aGeographical directory | ||
| 505 | _aList of members | ||
| 520 | _aProvides two listings of RICS members: A-Z and by geographical location. Includes a specialisations index, an introduction to RICS Faculties and Forums, an explanation of member services, details of associated organisations and services, and RICS contacts. | ||
| 650 | _aMEMBERSHIP DIRECTORY | ||
| 690 | _aABOUT RICS-RICS MEMBERS | ||
| 942 | _n0 | ||
| 999 |
_c105339 _d105339 |
||